Open Data Biblioteca Nacional de Portugal


República Portuguesa: Ministério da Cultura
Biblioteca Nacional de Portugal

Catálogo da BNP: acesso por Identificadores Unívocos
Registos Bibliográficos associados ao registo de autoridade

Etiqueta de registo: 00254nam 2200025 450
001 2168457
003 http://id.bnportugal.gov.pt/bib/catbnp/2168457
010 ## $a978-989-671-828-2
021 ## $aPT$b529242/24
100 ## $a20240529d2024 m y0pory01030103ba
101 0# $apor
102 ## $aPT
105 ## $aa z 000yy
106 ## $ar
200 1# $aRock Rendez Vous$e uma história em imagens$fcoord. Luís Carlos Amaro$gtextos Ana Cristina Ferrão, Pedro Félix$gfot. Rui Vasco... [et al.]
205 ## $a1ª ed.
210 #9 $aLisboa$cTinta-da-China,$d2024
215 ## $a203, [4] p.$cil.$d21 cm
675 ## $a77A/Z(=1:469)"19/20"$vBN$zpor$31468922
675 ## $a77.04(=1:469)"19/20"$vBN$zpor$31507443
700 #1 $aFerrão,$bAna Cristina$347273
701 #1 $94$aFélix,$bPedro$4070$31799374
702 #1 $aAmaro,$bLuís Carlos,$f1963-$4340$31922937
702 #1 $aVasco,$bRui,$f1962-$4600$3979931
801 #0 $aPT$bBN$gRPC
856 41 $uhttp://rnod.bnportugal.gov.pt/ImagesBN/winlibimg.aspx?skey=&doc=2168457&img=194645&save=true
900 ## $aBIBNAC$d20240726
966 ## $lBN$mFGMON$sB.A. 51187 V.$x1
966 ## $lBN$mFGMON$sB.A. 51187 V.-D$x1
971 ## $cjbeatriz$d20240529
972 ## $d20240726$e0$vlrevez$z0
973 ## $cacosta$d20240617

Etiqueta de registo: 00000nkm 2200025 450
001 2262091
003 http://id.bnportugal.gov.pt/bib/catbnp/2262091
100 ## $a20260206d1991 m y0pory01030103ba
101 0# $apor
102 ## $aPT
200 1# $aIV Festival Teatro pela Paz 1991, Acção Teatral Artimanha, Pinhal Novo, 25 de maio - 2 de junho$bVisual gráfico]$gDesign: Luís Amaro
210 #9 $a[S.l.$cs.n.],$d1991$e[S.l.] :$gGráfica Lavradiense)
215 ## $a1 cartaz$ccolor.$d59,4x41,1 cm
317 ## $aColeção Madeira Luís
675 ## $a766(=1:469)"1991"(084.5)$vBN$zpor$31993355
702 #1 $aAmaro,$bLuís Carlos,$f1963-$31922937
710 02 $aFestival Teatro pela Paz,$d4,$ePinhal Novo,$f1991$31983957
801 #0 $aPT$bBN$gRPC
966 ## $lBN$mICONOG$sCT. 19902 A.$x3
971 ## $cCaticonografia5$d20260206
995 ## $aPRR2026 $d20260206$iCaticonografia5

Etiqueta de registo: 00254nam 2200025 450
001 2284015
003 http://id.bnportugal.gov.pt/bib/catbnp/2284015
010 ## $a978-989-595-001-0
021 ## $aPT$b557062/25
100 ## $a20260409d2025 m y0pory01030103ba
101 0# $apor
102 ## $aPT
105 ## $aa z 000yy
106 ## $ar
200 1# $aCais do Sodré - das tabernas de marinheiros à revolução Jamaica e Tokyo$fJoão Macdonald, Guiomar Belo Marques$gdesign Luís Carlos Amaro$gfot. Jorge Nogueira... [et al.]
205 ## $a1ª ed
210 #9 $a[S.l.$cs.n.],$d2025$gimp. (Guide - Artes Gráficas)
215 ## $a193, [4] p.$cil.$d25 cm
700 #1 $aMacdonald,$bJoão,$f1974-$31196485
701 #1 $aMarques,$bGuiomar Belo,$f1959-$4070$31995233
702 #1 $92$aNogueira,$bJorge$4600$3104540
702 #1 $aAmaro,$bLuís Carlos,$f1963-$4600$31922937
801 #0 $aPT$bBN$gRPC
966 ## $lBN$mFGMON$x1
966 ## $lBN$mFGMON$x1
971 ## $ccsilva$d20260409

OpendataBNP@bnportugal.pt | Mais informação sobre acesso aos dados BNP